<?xml version="1.0" encoding="UTF-8"?><?xml-stylesheet type="text/xsl" href="static/style.xsl"?><OAI-PMH xmlns="http://www.openarchives.org/OAI/2.0/" xmlns:xsi="http://www.w3.org/2001/XMLSchema-instance" xsi:schemaLocation="http://www.openarchives.org/OAI/2.0/ http://www.openarchives.org/OAI/2.0/OAI-PMH.xsd"><responseDate>2026-04-17T17:04:14Z</responseDate><request verb="GetRecord" identifier="oai:www.recercat.cat:10459.1/58045" metadataPrefix="marc">https://recercat.cat/oai/request</request><GetRecord><record><header><identifier>oai:recercat.cat:10459.1/58045</identifier><datestamp>2024-12-05T23:09:27Z</datestamp><setSpec>com_2072_3622</setSpec><setSpec>col_2072_478537</setSpec></header><metadata><record xmlns="http://www.loc.gov/MARC21/slim" xmlns:dcterms="http://purl.org/dc/terms/" xmlns:xsi="http://www.w3.org/2001/XMLSchema-instance" xmlns:doc="http://www.lyncode.com/xoai" xsi:schemaLocation="http://www.loc.gov/MARC21/slim http://www.loc.gov/standards/marcxml/schema/MARC21slim.xsd">
   <leader>00925njm 22002777a 4500</leader>
   <datafield ind2=" " ind1=" " tag="042">
      <subfield code="a">dc</subfield>
   </datafield>
   <datafield ind2=" " ind1=" " tag="720">
      <subfield code="a">Reñé Claramunt, Eduard</subfield>
      <subfield code="e">author</subfield>
   </datafield>
   <datafield ind2=" " ind1=" " tag="260">
      <subfield code="c">2016-10-26T11:15:39Z</subfield>
   </datafield>
   <datafield ind2=" " ind1=" " tag="260">
      <subfield code="c">2016-10-26T11:15:39Z</subfield>
   </datafield>
   <datafield ind2=" " ind1=" " tag="260">
      <subfield code="c">2016-09</subfield>
   </datafield>
   <datafield ind2=" " ind1=" " tag="520">
      <subfield code="a">In the context of the CMS (Content Management System) on of the&#xd;
most used solutions is Drupal, a CMS which its best parts are its&#xd;
modularity, the big number of modules for it and the huge community&#xd;
mantaining Drupal and its modules.&#xd;
One of its modules is TMGMT (Translation Management Tool), it&#xd;
help in the task of translating content in Drupal, as by default in Drupal&#xd;
you can just translate a text manually, writing for each contant a&#xd;
translation. TMGMT extend its capabilities letting us use other translators.&#xd;
Currently with TMGMT, if a content item changes in one field, it&#xd;
needs to be resubmitted as a whole to the translator. Without a translation&#xd;
memory, a translator is asked to perform the same translations&#xd;
again and again. If the user uses a non free translator this will mean&#xd;
that each time he will have to pay for it, leading to a over-cost to&#xd;
maintain a multilingual site. In MD Systems, Miro Dietiker wanted&#xd;
to solve that problem, but non of their clients wanted to pay for the&#xd;
development of this module, so they asked for funds to Acquia, this&#xd;
was meant to improve TMGMT Local module, to convert it to a CAT&#xd;
(Computer-Assisted Translation) tool, but to reach that goal, one of&#xd;
the steps was to add this translation memory to TMGMT. But Acquia&#xd;
refused to give funds to MD Systems to improve TMGMT claiming&#xd;
that TMGMT was good enough in features, and right now they&#xd;
have other priorities. But in MD Systems they still want to improve&#xd;
TMGMT.&#xd;
And I as part of the team in MD Systems and as I was working a&#xd;
lot in the port of TMGMT to Drupal 8, I wanted to see those goals&#xd;
reached, so I proposed to Miro Dietiker to build TMGMT Memory as&#xd;
my bachelor thesis, he liked the idea and agreed to give me support,&#xd;
so I dropped my initial thesis and started with it also with the support&#xd;
of my supervisor Marta Oliva.</subfield>
   </datafield>
   <datafield ind1="8" ind2=" " tag="024">
      <subfield code="a">http://hdl.handle.net/10459.1/58045</subfield>
   </datafield>
   <datafield tag="653" ind2=" " ind1=" ">
      <subfield code="a">PHP</subfield>
   </datafield>
   <datafield tag="653" ind2=" " ind1=" ">
      <subfield code="a">TMGMT</subfield>
   </datafield>
   <datafield tag="653" ind2=" " ind1=" ">
      <subfield code="a">Memory</subfield>
   </datafield>
   <datafield tag="653" ind2=" " ind1=" ">
      <subfield code="a">Drupal</subfield>
   </datafield>
   <datafield tag="653" ind2=" " ind1=" ">
      <subfield code="a">Sistemes de gestió de continguts</subfield>
   </datafield>
   <datafield tag="653" ind2=" " ind1=" ">
      <subfield code="a">PHP (Llenguatge de programació)</subfield>
   </datafield>
   <datafield ind2="0" ind1="0" tag="245">
      <subfield code="a">TMGMT memory: adding memory capabilities to the translation management tool</subfield>
   </datafield>
</record></metadata></record></GetRecord></OAI-PMH>